00944nam a2200289 a 450000100060000000300090000600500170001500600150003200800410004701500200008801600300010801700510013802000150018903500210020404000280022508000140025308200160026710000320028324500740031526000210038930000280041049000180043850400360045665000340049271000560052683000720058226059CO-ViMGA20230915232144.0bimo0002156895141112s2004 ck r 000 u spa d aMON0701 - 01052 abimoBNE20070062581 SpMaBN aM 43072 - 2006 Oficina Depósito Legal Madrid a8473564707 a(OCoLC)166274847 aCO-ViMGAbspacCO-ViMGA a331.108.304a650.14 A26m1 aAcosta Vera, José María10aMarketing personal : bel camino al éxito / cJosé María Acosta aMadrid ESIC 2006 a258 p. : gráf., 22 cm aDivulgación aBibliografía : p. [255] - 25814aBúsqueda de empleo - manual aEscuela Superior de Gestión Comercial y Marketing aDivulgación (Escuela Superior de Gestión Comercial y Marketing)